000 00844cam a2200253 4500
001 WB3610-49
008 000000n2000 000 0 eng u
035 _a(Sirsi) u104640
245 _aHedgerows risk from EU fraud rules
260 _c2000
490 _aTimes
_v 6 March 2000, 8(1)
520 _aFarmers are cutting hedges to meet new rules from Brussels. OS maps, used by farmers to justify the size of their land, include hedges, grassy banks and other wildlife habitats. It is estimated that a 1,000 acre farm could lose up to £5,000 a year if hedges are maintained.
590 _aWB
650 _aHEDGES
650 _aMAFF
650 _aEUROPEAN UNION
650 _aFARMLAND
650 _aARABLE CROPS
650 _aSUBSIDIES
650 _aRSPB
650 _aWILDLIFE HABITATS
690 _aRural
_96268
942 _n0
999 _c62782
_d62782